00749 2200265 4500001002100000005001700021008004100038035002400079082001100103090001800114100001700132245012100149250001100270260003100281300001900312650002300331700001800354700002600372700002100398850001500419980001300434985000600447999001500453999001500468YOGYA-0209000000899420090227021147.0 ind  0010-020900000008994 a297.43 a297.43bJun G aJUNDI, Anwar aGelombang tantangan muslimahcAnwar Jundi ; penerjemah, Ahsin Wijaya, Ahmad Hakim Mudzakir ; editor, Ayip Syafiuddin aCet. 4 aSolobPustaka Mantiqc1993 a112 hlmc18 cm aWanita dalam Islam aWijaya, Ahsin aMudzakir, Ahmad Hakim aSyafruddin, Ayip aYOPDYOG(B) a05-06-01 a2 a97P0090584 a97P0090585